=LDR 00000nam 2200000 4500 =001 INLIS000000000020133 =005 20130612115121 =008 ***********************************Ind** =035 ##$$a0010-061300000020133 =041 ##$$a Ind =082 ##$$a 510.021 =090 ##$$a 510.021, Sri k =100 ##$$a Sri Lestari =245 ##$$a Kumpulan rumus matematika SMA, Sri Lestari ; penyunting, Tajudin =260 ##$$a 2003 $b Jakarta =300 ##$$a xii, 260 hlm, ilus, 21 cm =650 ##$$a Matematika =850 ##$$a NBPNMAT =990 ##$$a 21195672/BPAP-NTB/2014